Egaña en la Patria Vieja: 1810-1814

Saved in:
Bibliografiske detaljer
Hovedforfatter: Silva Castro, Raúl (Author)
Format: Bog
Sprog:spansk
Udgivet: Santiago, Chile Andrés Bello 1959
Fag:
Tags: Tilføj Tag
Ingen Tags, Vær først til at tagge denne postø!

MARC

LEADER 00000cam a2200000 a 4500
001 UCT8496
003 CL-VaPUC
005 20240418105910.0
008 970326e19590000CL |||||||||||||||||spa|d
999 |c 256989  |d 256987 
040 |c Pontificia Universidad Católica de Valparaíso 
082 0 4 |a 983.04 SIL 1959  |2 21 
100 0 |a Silva Castro, Raúl  |e author  |9 380236 
245 1 0 |a Egaña en la Patria Vieja:  |b  1810-1814 
260 |a Santiago, Chile  |b Andrés Bello  |c 1959 
300 |a 244 páginas 
583 |a last modification  |c 20150826 09:55:09  |k Rodrigo Vera 
600 0 |a Egaña, Mariano de  |9 380237 
610 |2 CONGRESO NACIONAL DE CHILE 
650 0 |a Historia de Chile  |9 265473 
650 0 |a Senado  |x PATRIA VIEJA  |y 1810-1814  |z CHILE  |9 338613 
852 |a BIBCUR 
942 |c BK  |2 ddc 
945 |d 19970326 00:00:00  |a rleighto 
952 |0 0  |1 0  |2 ddc  |4 0  |6 983_040000000000000_SIL_1959  |7 0  |8 P  |9 280184  |a BIBDER  |b BIBDER  |d 2019-11-19  |i 3295613  |o 983.04 SIL 1959  |p 3295613  |r 2023-01-25  |t 1  |w 2019-11-19  |y BK  |k DER 
952 |0 0  |1 0  |2 ddc  |4 0  |6 983_040000000000000_SIL_1959  |7 0  |8 A  |9 280186  |a BIBHIS  |b BIBHIS  |d 2019-11-19  |i 1255061  |o 983.04 SIL 1959  |p 1255061  |r 2025-01-20  |t 4  |w 2019-11-19  |y BK  |k HIS 
952 |0 0  |1 0  |2 ddc  |4 0  |6 983_040000000000000_SIL_1959  |7 0  |8 A  |9 280187  |a BIBHIS  |b BIBHIS  |d 2019-11-19  |i 125507K  |o 983.04 SIL 1959  |p 125507K  |r 2025-01-20  |t 5  |w 2019-11-19  |y BK  |k HIS 
952 |0 0  |1 0  |2 ddc  |4 0  |6 983_040000000000000_SIL_1959  |7 0  |8 A  |9 280188  |a BIBHIS  |b BIBHIS  |d 2019-11-19  |i 1255088  |o 983.04 SIL 1959  |p 1255088  |r 2025-01-20  |t 6  |w 2019-11-19  |y BK  |k HIS 
952 |0 0  |1 0  |2 ddc  |4 0  |6 983_040000000000000_SIL_1959  |7 0  |8 A  |9 280189  |a BIBHIS  |b BIBHIS  |d 2019-11-19  |i 1255096  |o 983.04 SIL 1959  |p 1255096  |r 2025-01-20  |t 7  |w 2019-11-19  |y BK  |k HIS 
952 |0 0  |1 0  |2 ddc  |4 0  |6 983_040000000000000_SIL_1959  |7 0  |8 A  |9 280190  |a BIBHIS  |b BIBHIS  |d 2019-11-19  |i 125510K  |o 983.04 SIL 1959  |p 125510K  |r 2025-01-20  |t 8  |w 2019-11-19  |y BK  |k HIS 
952 |0 0  |1 0  |2 ddc  |4 0  |6 983_040000000000000_SIL_1959  |7 0  |8 A  |9 280191  |a BIBHIS  |b BIBHIS  |d 2019-11-19  |i 125961K  |o 983.04 SIL 1959  |p 125961K  |r 2025-01-20  |t 9  |w 2019-11-19  |y BK  |k HIS 
952 |0 0  |1 0  |2 ddc  |4 0  |6 983_040000000000000_SIL_1959  |7 0  |8 DER_HDC  |9 280192  |a BIBDER  |b BIBDER  |d 2019-11-19  |i 3816427  |o 983.04 SIL 1959  |p 3816427  |r 2023-01-25  |t 3  |w 2019-11-19  |x Ubicación 4to Piso  |y BK  |z Estos recursos deben solicitarse con anticipación  |k DER 
952 |0 0  |1 0  |2 ddc  |3 erb  |4 0  |6 983_040000000000000_SIL_1959  |7 0  |8 A  |9 280193  |a BIBHIS  |b BIBHIS  |e Valenzuela Fuenzalida, Alvaro Miguel, 1932-  |i 520352K  |o 983.04 SIL 1959  |p 520352K  |r 2025-01-20  |t 10  |w 2019-11-19  |y BK  |z Catalogado en:20150827  |k HIS